| 000 | 00370 a2200169 4500 | ||
|---|---|---|---|
| 001 | 57510 | ||
| 020 | _a8526256491 | ||
| 040 | _cAnchieta - Pituba | ||
| 100 | _aLima, Edy | ||
| 240 | 1 | 0 |
_aAs aventuras de Tom Sawyer _lpor |
| 245 | 1 | 0 | _aAs aventuras de Tom Sawyer |
| 300 | _a96 | ||
| 362 | 0 | _a2004 | |
| 440 | 1 | _aScipione | |
| 650 | 4 | _aLiteratura juvenil | |
| 942 | _cBK | ||
| 999 |
_c57510 _d57510 |
||